00452nam a2200169Ia 4500008004100000040001900041041001200060082002700072100001400099245003100113260003700144300002100181650002600202651002600228700001800254850001000272131103s9999 xx 000 0 und d aLoreto College aEnglish a891.43/PREbLCLIB/2366 aPremchand aKalam ka SipahicPremchand aAllahabadbHansh Prakashanc1962 a679 p. c 21 cm. aPremchand - Criticism aPremchand - Biography aRoy,Amrit;ed. aLCLIB